[Event "Staufer op 32nd"]
[Site "Schwaebisch Gmuend"]
[Date "2020.01.02"]
[Round "2"]
[White "Klass, Philip"]
[Black "Telioridis, Vasilios"]
[Result "0-1"]
[WhiteElo "1681"]
[BlackElo "1942"]
[PlyCount "135"]
[EventDate "2020.01.02"]
[EventType "swiss"]
[EventRounds "9"]
[EventCountry "GER"]
[SourceTitle "EXT 2021"]
[Source "ChessBase"]
[SourceDate "2020.10.23"]
[SourceVersion "1"]
[SourceVersionDate "2020.10.23"]
[SourceQuality "1"]

1. e4 c5 2. a3 Nc6 3. b4 b6 4. Nf3 e6 5. Bb2 Bb7 6. b5 Nd4 7. Nxd4 cxd4 8. Bxd4 Bxe4 9. Nc3 Bb7 10. Bd3 Qh4 11. Be5 Bxg2 12. Rg1 Qh3 13. Ne2 Bb7 14. Rxg7 f6 15. Rg3 Qh5 16. Bb2 Bd6 17. Re3 Qxh2 18. Ng3 Bc5 19. Qg4 Bxe3 20. dxe3 Qh6 21. 0-0-0 Qf8 22. Ne4 Bxe4 23. Qxe4 Rd8 24. Qh4 Qg7 25. a4 Kf7 26. Rh1 h5 27. e4 Ne7 28. Kb1 Ng6 29. Qh2 d6 30. Rg1 e5 31. f4 Qh7 32. Bc4+ Kf8 33. fxe5 Nxe5 34. Qh4 Ke7 35. Bxe5 dxe5 36. Rf1 Qg6 37. Qh3 Rd6 38. Qa3 h4 39. Rd1 Rhd8 40. a5 Qxe4 41. Bd3 Qg4 42. Rf1 e4 43. Bc4 Qg3 44. Qb4 Qe5 45. Rg1 f5 46. axb6 axb6 47. Rg6 Ra8 48. Re6+ Qxe6 49. Bxe6 Kxe6 50. Qb3+ Ke7 51. Qh3 Rf6 52. Qxh4 Raf8 53. Qf4 R8f7 54. Kc1 Kf8 55. Kd2 Rg6 56. Qb8+ Kg7 57. Qe5+ Kh7 58. Qf4 Rg4 59. Qe3 Rf6 60. c4 Rd6+ 61. Ke1 Kg6 62. c5 Rd3 63. Qf2 e3 64. Qh2 Rd2 65. Qh1 Rdg2 66. cxb6 Rg1+ 67. Qxg1 Rxg1+ 68. Ke2 0-1